00549pab a2200157 454500008004000000100002100040245010900061260000900170300001100179362001200190650002800202773003400230909000900264999001500273952010300288180718b1987 xxu||||| |||| 00| 0 eng d aChaturvedi, Anil aInter - departmental dynamicsbRelations between four state government departments at the district level c1987 aM 9-19 a28 Feb. aDistrict Administration aEconomic and Political Weekly a7317 c7317d7317 00104070aIIPAbIIPAd2018-07-19hVolume no: 22, Issue no: 9pAR7327r2018-07-19w2018-07-19yAR